000
00219nam a2200097Ia 4500
008
230605s9999 xx 000 0 und d
041
_a
eng
100
_a
Lilicrap
245
_a
Food and Beverage Service
650
_a
F. B.
999
_c
416971
_d
416971